00422nam a2200169 a 450000100060000000300090000600800410001502000150005604000280007108200170009910000170011624500270013326000480016030000080020865000190021665000170023513619CO-ViMGA141112s2004 ck r 000 u spa d a9582806136 aCO-ViMGAbspacCO-ViMGA04a131.35 B518e1 aBlawyn, E.J.10aEjercicios energeticos aSantafé de Bogotá : bRobinbook, c1995 a27214aMENTE Y CUERPO14aSALUD MENTAL